| 000 | 00865nam a2200289 i 4500 | ||
|---|---|---|---|
| 003 | EG-GICUC | ||
| 005 | 20260209114510.0 | ||
| 008 | 260209s1978 nyu||||fr|||| 000 0 eng d | ||
| 040 |
_aEG-GiCUC _bara _cEG-GiCUC _dEG-GiCUC _erda |
||
| 041 | 0 | _aeng | |
| 082 | 0 | 4 |
_221 _a341.9 _bAM |
| 092 | 0 | 4 | _221 |
| 099 | _aLaw1 12 341.9 AM 1978 | ||
| 245 | 0 | 4 | _aThe Amrican journal of comparative law / |
| 264 |
_aLondon : _b[Bicentennial era], _c1978. |
||
| 300 |
_a529 pages : _c24 cm |
||
| 336 |
_2rda content _atext |
||
| 337 |
_2rda media _aComputer |
||
| 338 |
_2rda carrier _aOnline Resource |
||
| 504 | _a Includes bibliographical references. | ||
| 546 | _aText in English | ||
| 650 | 1 | 0 |
_aLaw - International History _2qrmak |
| 651 | 1 | _2qrmak | |
| 856 | 4 | 0 | _uhttps://fll.law.cu.edu.eg/fulltext/bks/B12-02229.pdf |
| 905 | _a78 | ||
| 942 |
_2ddc _cBK _e21 _n0 |
||
| 999 |
_c61753 _d61753 |
||